| Tag |
First Indicator |
Second Indicator |
Subfields |
| LEADER |
00000cam a2200000 4500 |
| 001 |
in00000043429 |
| 005 |
20151007072826.0 |
| 008 |
730205s1945 cau b 00010 eng u |
| 010 |
|
|
|a a 45003083
|
| 035 |
|
|
|a (OCoLC)00552407
|
| 035 |
|
|
|9 AAE8629AM
|
| 040 |
|
|
|c WSU
|d TXA
|d UtOrBLW
|
| 049 |
|
|
|a TXAM
|
| 050 |
|
0 |
|a QK756
|b .C52
|
| 092 |
|
|
|a 581.241
|b C456t
|
| 100 |
1 |
|
|a Chandler, William Henry,
|d 1878-1970.
|
| 245 |
1 |
0 |
|a Trees in two climates /
|c by W. H. Chandler ...
|
| 264 |
|
1 |
|a Berkeley,
|a Los Angeles :
|b University of California press,
|c 1945.
|
| 300 |
|
|
|a 1 page ., 22 pages ;
|c 24 cm.
|
| 336 |
|
|
|a text
|b txt
|2 rdacontent
|
| 337 |
|
|
|a unmediated
|b n
|2 rdamedia
|
| 338 |
|
|
|a volume
|b nc
|2 rdacarrier
|
| 490 |
0 |
|
|a Faculty research lecture, University of California, Los Angeles ...[No. 18] 1944
|
| 650 |
|
0 |
|a Plants
|x Effect of temperature on.
|
| 650 |
|
0 |
|a Frost.
|
| 650 |
|
0 |
|a Trees.
|
| 999 |
|
|
|a MARS
|
| 999 |
f |
f |
|s 03f85007-3db5-3868-8833-ecc99effae01
|i b381c6b3-0970-3606-9940-0cb341751b07
|t 0
|
| 952 |
f |
f |
|p ric
|a Texas A&M University
|b Rellis Campus
|c Joint Library Facility
|d Remote Storage
|t 0
|e QK756 .C52
|h Library of Congress classification
|i unmediated -- volume
|m A14800989625
|
| 998 |
f |
f |
|a QK756 .C52
|t 0
|l Remote Storage
|